000 00247nam a2200121Ia 4500
008 190216s9999||||xx |||||||||||||| ||und||
100 _aNull
245 0 _aReview
260 _bSage Pub
_c1987
300 _a208p
650 _aReview
942 _cREF
999 _c35851
_d35851